Catálogo

Vista normal Vista MARC

Entrada Personal Name

Número de registros utilizados en: 1

001 - CONTROL NUMBER

  • control field: 17407

003 - CONTROL NUMBER IDENTIFIER

  • control field: DLC

005 - DATE AND TIME OF LATEST TRANSACTION

  • control field: 20250828110816.0

008 - FIXED-LENGTH DATA ELEMENTS

  • fixed length control field: 980407n| acannaab |a aaa c

010 ## - LIBRARY OF CONGRESS CONTROL NUMBER

  • LC control number: nb 98032167

040 ## - CATALOGING SOURCE

  • Original cataloging agency: Uk
  • Transcribing agency: Mx-PuUPA
  • Modifying agency: DLC
  • Modifying agency: Mx-PuUPA
  • Language of cataloging: spa
  • Description conventions: rda

046 ## - SPECIAL CODED DATES

  • Birth date: 1961

100 10 - HEADING--PERSONAL NAME

  • Personal name: Molina, Fidel,
  • Dates associated with a name: 1961-

374 ## - OCCUPATION

  • Occupation: Autor

375 ## - GENDER

  • Gender: hombre

377 ## - ASSOCIATED LANGUAGE

  • Language code: spa

400 10 - SEE FROM TRACING--PERSONAL NAME

  • Personal name: Molina Luque, Fidel,
  • Dates associated with a name: 1961-

400 10 - SEE FROM TRACING--PERSONAL NAME

  • Personal name: Luque, Fidel Molina,
  • Dates associated with a name: 1961-

670 ## - SOURCE DATA FOUND

  • Source citation: El servei militar a Ileida, 1997:
  • Information found: t.p. (Fidel Molina) p.2 of cover (born 1961)

670 ## - SOURCE DATA FOUND

  • Source citation: Reforma educativa, cultura y política, c2000:
  • Information found: t.p. (Fidel Molina) jkt. (Fidel Molina Luque)